Lakh Khushiyan Badshahian / (Record no. 45797)

MARC details
000 -LEADER
fixed length control field 01164njm a22002897a 4500
005 - DATE AND TIME OF LATEST TRANSACTION
control field 20100914154329.0
006 - FIXED-LENGTH DATA ELEMENTS--ADDITIONAL MATERIAL CHARACTERISTICS--GENERAL INFORMATION
fixed length control field a|||||r|||||00| 0
007 - PHYSICAL DESCRIPTION FIXED FIELD--GENERAL INFORMATION
fixed length control field sd ammalaaahaa
008 - FIXED-LENGTH DATA ELEMENTS--GENERAL INFORMATION
fixed length control field 100910t xxu||||| |||| 00| 0 eng d
028 ## - PUBLISHER NUMBER
Publisher number ECSD.2721
Source EMI
035 ## - SYSTEM CONTROL NUMBER
System control number GR-02506
040 ## - CATALOGING SOURCE
Original cataloging agency SED
Transcribing agency SED
100 ## - MAIN ENTRY--PERSONAL NAME
Personal name Gopal Singh Ragi
9 (RLIN) 19365
245 ## - TITLE STATEMENT
Title Lakh Khushiyan Badshahian /
Statement of responsibility, etc sung by Gopal Singh Ragi ; Music by Kesar Singh Narula
Medium [sound recording] :
246 ## - VARYING FORM OF TITLE
Title proper/short title ਲਖ ਖੁਸ਼ਿਯਾਂ ਬਾਦਸ਼ਾਹੀਆਂ /
260 ## - PUBLICATION, DISTRIBUTION, ETC. (IMPRINT)
Place of publication, distribution, etc Dum Dum, India
Name of publisher, distributor, etc EMI
Date of publication, distribution, etc 1975
300 ## - PHYSICAL DESCRIPTION
Extent 1 sound disc [Gramophone Recording] :
Other physical details analog, 33 1/3 rpm
Dimensions 12.5 in. (LP)
Type of unit Gramaphone Records
500 ## - GENERAL NOTE
General note Brief record
500 ## - GENERAL NOTE
General note Record Lebels : EMI, Red
505 ## - FORMATTED CONTENTS NOTE
Formatted contents note Side-2 ਦਰਸ਼ਨ ਦੇਖ ਜੀਵਨ ਗੁਰ ਤੇਰਾ (Darshan dekh jiwan gur tera)(Gopal Singh Ragi).
600 ## - SUBJECT ADDED ENTRY--PERSONAL NAME
Personal name Gopal Singh Ragi
9 (RLIN) 19611
650 ## - SUBJECT ADDED ENTRY--TOPICAL TERM
Source of heading or term Excerpts.
Topical term or geographic name as entry element Religious Song
Topical term following geographic name as entry element India
9 (RLIN) 19366
650 ## - SUBJECT ADDED ENTRY--TOPICAL TERM
Topical term or geographic name as entry element Punjabi Shabad
9 (RLIN) 20078
700 ## - ADDED ENTRY--PERSONAL NAME
Personal name Narula ,Kesar Singh
9 (RLIN) 19943
942 ## - ADDED ENTRY ELEMENTS (KOHA)
Source of classification or shelving scheme Dewey Decimal Classification
Item type Gramaphone Records
Holdings
Withdrawn status Lost status Source of classification or shelving scheme Damaged status Not for loan Collection code Home library Current library Date acquired Source of acquisition Total Checkouts Barcode Date last seen Copy number Price effective from Koha item type
    Dewey Decimal Classification   Not For Loan Non-fiction Central Library Central Library 14/09/2010 SED/VEN   GR-02506 14/09/2010 1 14/09/2010 Gramaphone Records

© Delhi Public Library
Hit Counter
free hit counter